[Event "4NCL/Div4b/SLOS3 vs. WWKS2"]
[Site "Telford ENG"]
[Date "2005.01.16"]
[Round "4.4"]
[White "Fox, Mike B"]
[Black "de Coverly, Roger"]
[Result "0-1"]
[WhiteElo "2020"]
[BlackElo "2093"]
[PlyCount "82"]
[EventDate "2005.01.16"]
[SourceDate "2004.09.21"]

1. e4 e5 2. f4 Bc5 3. Nc3 d6 4. Nf3 Nf6 5. Bc4 O-O 6. d3 Ng4 7. Ng5 Bf2+ 8. Kf1
exf4 9. Bxf4 Ne3+ 10. Bxe3 Bxe3 11. Nf3 Bg4 12. Qe1 Bb6 13. Qg3 Be6 14. Nd5 Nd7
15. Ke2 c6 16. Nxb6 Nxb6 17. Bxe6 fxe6 18. Raf1 Qe7 19. Qg4 Nd7 20. Ng5 e5 21.
Rf5 h6 22. Nf3 Rxf5 23. Qxf5 Rf8 24. Qh3 d5 25. Nd2 Nc5 26. Rf1 Re8 27. Qf3 Ne6
28. c3 Nf4+ 29. Kd1 dxe4 30. Qxe4 Qd7 31. Kc2 c5 32. Nc4 b5 33. Nxe5 Rxe5 34.
Qxf4 Re2+ 35. Kb3 Qxd3 36. Qf8+ Kh7 37. Qf5+ Qxf5 38. Rxf5 c4+ 39. Ka3 a6 40.
h4 Rxg2 41. h5 Rg5 0-1

[Event "4NCL/Div4b/SLOS3 vs. WWKS2"]
[Site "Telford ENG"]
[Date "2005.01.16"]
[Round "4.5"]
[White "McCarthy, Kevin"]
[Black "Dodd, Matthew E"]
[Result "1/2-1/2"]
[WhiteElo "2065"]
[BlackElo "1690"]
[PlyCount "119"]
[EventDate "2005.01.16"]
[SourceDate "2004.09.21"]

1. d4 d5 2. e4 dxe4 3. Nc3 Nf6 4. f3 e3 5. Bxe3 e6 6. Bc4 Bb4 7. Nge2 Nc6 8.
O-O O-O 9. Ne4 Nd5 10. Bg5 Be7 11. Bxe7 Ncxe7 12. Qd2 Nf5 13. Bd3 a6 14. N4g3
Nxg3 15. Nxg3 b5 16. Kh1 Bb7 17. Rae1 Nf6 18. Re5 Kh8 19. c3 Bd5 20. b3 Rc8 21.
Nh5 Nd7 22. Rg5 g6 23. Rg3 f5 24. Qh6 Rg8 25. Nf4 Nf8 26. Re1 Qf6 27. Rh3 c5
28. c4 bxc4 29. bxc4 Bb7 30. Nxe6 Re8 31. d5 Bc8 32. Qh4 Qxh4 33. Rxh4 Nxe6 34.
dxe6 Rxe6 35. Rxe6 Bxe6 36. g4 Rd8 37. gxf5 gxf5 38. Bc2 Kg7 39. Kg1 Kg6 40.
Rg4+ Kf6 41. Rh4 Rd7 42. Rh6+ Kf7 43. Rxh7+ Kg6 44. Rxd7 Bxd7 45. Kf2 Kg5 46.
Ke3 f4+ 47. Kf2 Kf6 48. Ke2 Bh3 49. Be4 Ke5 50. Kd3 a5 51. Bg6 Bf1+ 52. Kc3 Kf6
53. Be8 Kg5 54. Bd7 Be2 55. Bg4 Kh4 56. Kb3 Bf1 57. Kc3 Bg2 58. Kd3 Bf1+ 59.
Kc3 Be2 60. Kb3 1/2-1/2

[Event "4NCL/Div4b/MIN2 vs. GREN"]
[Site "Telford ENG"]
[Date "2005.01.16"]
[Round "4.1"]
[White "Hardman, Michael J"]
[Black "Pugh, Derek C"]
[Result "0-1"]
[WhiteElo "2100"]
[BlackElo "2180"]
[PlyCount "96"]
[EventDate "2005.01.16"]
[SourceDate "2004.09.21"]

1. d4 d6 2. Nf3 Bg4 3. Nbd2 Nd7 4. g3 e5 5. Bg2 c6 6. O-O Ngf6 7. dxe5 Nxe5 8.
b3 Qc7 9. Bb2 Rd8 10. c4 Be7 11. Rc1 O-O 12. Qc2 Nxf3+ 13. Nxf3 Qc8 14. Rfe1
Qf5 15. Qxf5 Bxf5 16. Nd4 Bg4 17. e4 Ne8 18. Nc2 Bf6 19. Bxf6 Nxf6 20. Ne3 Rfe8
21. Nxg4 Nxg4 22. Rcd1 Nh6 23. Rd4 f6 24. Red1 Nf7 25. f4 Kf8 26. Kf2 Ke7 27.
a3 a5 28. b4 axb4 29. axb4 Ra8 30. c5 Red8 31. cxd6+ Rxd6 32. Bf3 Ra2+ 33. Be2
Rb2 34. Ke3 Rxd4 35. Rxd4 Nd6 36. h3 Rb3+ 37. Kf2 f5 38. exf5 Nxf5 39. Re4+ Kd6
40. g4 Ne7 41. h4 Nd5 42. b5 cxb5 43. h5 b4 44. Rd4 Rb2 45. g5 b5 46. Kf3 Kc5
47. Re4 b3 48. Re5 Rd2 0-1

[Event "4NCL/Div4b/MIN2 vs. GREN"]
[Site "Telford ENG"]
[Date "2005.01.16"]
[Round "4.2"]
[White "Osborne, David"]
[Black "Parker, Robert"]
[Result "1/2-1/2"]
[WhiteElo "2095"]
[BlackElo "2088"]
[PlyCount "43"]
[EventDate "2005.01.16"]
[SourceDate "2004.09.21"]

1. e4 e5 2. Bc4 Nf6 3. Nc3 Be7 4. d3 d6 5. f4 Bg4 6. Nf3 Nbd7 7. f5 O-O 8. h3
Bxf3 9. Qxf3 c6 10. g4 d5 11. Bb3 d4 12. Ne2 h6 13. g5 hxg5 14. Bxg5 Nh7 15.
Bxe7 Qxe7 16. a3 Qh4+ 17. Qf2 Qh6 18. Qg3 Nhf6 19. Rg1 Kh7 20. Qg5 b5 21. Kf2
c5 22. Qxh6+ 1/2-1/2

[Event "4NCL/Div4b/MIN2 vs. GREN"]
[Site "Telford ENG"]
[Date "2005.01.16"]
[Round "4.3"]
[White "Hawkins, J Nick"]
[Black "Bass, John"]
[Result "1-0"]
[WhiteElo "2039"]
[BlackElo "2102"]
[PlyCount "81"]
[EventDate "2005.01.16"]
[SourceDate "2004.09.21"]

1. e4 c5 2. Nf3 e6 3. d4 cxd4 4. Nxd4 a6 5. Bd3 Qc7 6. O-O Nf6 7. Qe2 d6 8. c4
b6 9. Nc3 Bb7 10. f4 Nbd7 11. Bd2 Be7 12. Rac1 O-O 13. Kh1 Rfe8 14. Rf3 Bf8 15.
Nb3 Rac8 16. Qf2 g6 17. Rh3 Qd8 18. Re1 Bg7 19. Rf1 d5 20. cxd5 exd5 21. exd5
Nxd5 22. f5 Ne5 23. fxg6 hxg6 24. Be4 Qd7 25. Bxd5 Bxd5 26. Nxd5 Qxd5 27. Qh4
Rc2 28. Qh7+ Kf8 29. Bb4+ Re7 30. Rg3 Bf6 31. h3 Nd7 32. Rxf6 Nxf6 33. Qh8+ Ng8
34. Bxe7+ Kxe7 35. Qxg8 Qe5 36. Kh2 Re2 37. Qc8 Rxb2 38. Qb7+ Kf8 39. Qxb6 Qe1
40. Qd6+ Kg8 41. Rxg6+ 1-0

[Event "4NCL/Div4b/MIN2 vs. GREN"]
[Site "Telford ENG"]
[Date "2005.01.16"]
[Round "4.4"]
[White "Egginton, David C"]
[Black "Ackley, Peter"]
[Result "1/2-1/2"]
[WhiteElo "2070"]
[BlackElo "2050"]
[PlyCount "55"]
[EventDate "2005.01.16"]
[SourceDate "2004.09.21"]

1. c4 d6 2. g3 e5 3. Bg2 f5 4. d4 Be7 5. Nc3 Nf6 6. e3 O-O 7. Nge2 a5 8. Rb1
Na6 9. a3 Qe8 10. b4 axb4 11. axb4 c6 12. O-O Nc7 13. b5 Be6 14. bxc6 bxc6 15.
Rb6 e4 16. f3 Bxc4 17. fxe4 fxe4 18. Nxe4 Ncd5 19. Rb2 Ng4 20. Rxf8+ Bxf8 21.
Nf4 Ngxe3 22. Bxe3 Nxe3 23. Qc1 Nxg2 24. Qxc4+ d5 25. Nxd5 Ra1+ 26. Kf2 Qf7+
27. Ndf6+ gxf6 28. Qxf7+ 1/2-1/2

[Event "4NCL/Div4b/MIN2 vs. GREN"]
[Site "Telford ENG"]
[Date "2005.01.16"]
[Round "4.5"]
[White "Gillibrand, John"]
[Black "Hibbitt, Arthur M"]
[Result "1/2-1/2"]
[WhiteElo "2049"]
[BlackElo "1975"]
[PlyCount "52"]
[EventDate "2005.01.16"]
[SourceDate "2004.09.21"]

1. e4 c5 2. d3 Nc6 3. g3 g6 4. Bg2 Bg7 5. c3 d6 6. f4 Rb8 7. Be3 Bd7 8. Ne2 Nf6
9. O-O O-O 10. h3 b5 11. d4 cxd4 12. cxd4 a6 13. d5 Na5 14. e5 Ne8 15. Bd4 Qc7
16. exd6 Bxd4+ 17. Nxd4 Nxd6 18. Nc3 Nf5 19. Nxf5 Bxf5 20. g4 Bc8 21. Rc1 Qb6+
22. Kh1 Nc4 23. Qe2 Ne3 24. Rfe1 Nxg2 25. Kxg2 Re8 26. Qe5 Bb7 1/2-1/2

[Event "4NCL/Div4b/MIN2 vs. HAL"]
[Site "Telford ENG"]
[Date "2005.02.26"]
[Round "5.1"]
[White "Hardman, Michael J"]
[Black "Edge, John"]
[Result "1/2-1/2"]
[WhiteElo "2100"]
[BlackElo "2125"]
[PlyCount "37"]
[EventDate "2005.02.26"]
[SourceDate "2004.09.21"]

1. e4 c5 2. Nf3 d6 3. d4 cxd4 4. Nxd4 Nf6 5. Nc3 g6 6. Be3 Bg7 7. f3 Nc6 8. Qd2
O-O 9. Bc4 Bd7 10. O-O-O Rc8 11. Bb3 Ne5 12. h4 h5 13. Rdg1 Qa5 14. Kb1 e6 15.
g4 Rxc3 16. bxc3 Nxf3 17. Nxf3 Nxe4 18. Qe1 Nxc3+ 19. Kc1 1/2-1/2

[Event "4NCL/Div4b/MIN2 vs. HAL"]
[Site "Telford ENG"]
[Date "2005.02.26"]
[Round "5.2"]
[White "Roberts, Colin J"]
[Black "Parker, Robert"]
[Result "1/2-1/2"]
[WhiteElo "2055"]
[BlackElo "2088"]
[PlyCount "52"]
[EventDate "2005.02.26"]
[SourceDate "2004.09.21"]

1. c4 e5 2. Nc3 Nc6 3. Nf3 f5 4. d4 exd4 5. Nxd4 Nxd4 6. Qxd4 Qf6 7. Nb5 Bb4+
8. Bd2 Qxd4 9. Nxd4 Bxd2+ 10. Kxd2 d6 11. g3 Nf6 12. Bg2 Bd7 13. Kc3 O-O-O 14.
h4 Rhe8 15. Rae1 Re5 16. Rhf1 c5 17. Nf3 Re7 18. Nd2 Rde8 19. e3 Kc7 20. Nb3 b6
21. Nc1 Bc6 22. Bxc6 Kxc6 23. Nd3 d5 24. cxd5+ Nxd5+ 25. Kc2 Re4 26. Rd1 Nb4+
1/2-1/2

[Event "4NCL/Div4b/MIN2 vs. HAL"]
[Site "Telford ENG"]
[Date "2005.02.26"]
[Round "5.3"]
[White "Hawkins, J Nick"]
[Black "Ambrose, Andy"]
[Result "1-0"]
[WhiteElo "2039"]
[BlackElo "1930"]
[PlyCount "77"]
[EventDate "2005.02.26"]
[SourceDate "2004.09.21"]

1. e4 d6 2. d4 Nf6 3. Nc3 g6 4. Nf3 Bg7 5. h3 c6 6. a4 O-O 7. Be2 b6 8. O-O Bb7
9. Re1 Qc7 10. Bf4 Nfd7 11. Qd2 e5 12. dxe5 Nxe5 13. Rad1 Nxf3+ 14. Bxf3 Be5
15. Bxe5 dxe5 16. Be2 Ba6 17. Qd6 Qxd6 18. Rxd6 Bxe2 19. Rxe2 c5 20. Red2 Na6
21. f3 Nc7 22. Nd5 Ne6 23. Nf6+ Kg7 24. Nd7 Rfd8 25. Nxe5 Rxd6 26. Rxd6 Rd8 27.
Rxd8 Nxd8 28. Kf2 Kf6 29. Nc4 Nc6 30. c3 Ke6 31. Ke3 Ne7 32. f4 f6 33. g4 Kd7
34. f5 g5 35. e5 Nd5+ 36. Ke4 Kc6 37. exf6 Nxf6+ 38. Ke5 Ne8 39. f6 1-0

[Event "4NCL/Div4b/MIN2 vs. HAL"]
[Site "Telford ENG"]
[Date "2005.02.26"]
[Round "5.4"]
[White "Peck, Windsor W"]
[Black "Twitchell, Neville H"]
[Result "1-0"]
[WhiteElo "1925"]
[BlackElo "2023"]
[PlyCount "99"]
[EventDate "2005.02.26"]
[SourceDate "2004.09.21"]

1. d4 Nf6 2. Nf3 g6 3. Nc3 d5 4. Bf4 Bg7 5. e3 O-O 6. Be2 c6 7. h4 Nh5 8. Be5
Nf6 9. Nh2 Nbd7 10. Bf4 h5 11. g4 hxg4 12. Nxg4 Nxg4 13. Bxg4 f5 14. Bf3 e5 15.
dxe5 Nxe5 16. h5 d4 17. Bxe5 Bxe5 18. exd4 Bxd4 19. Bd5+ cxd5 20. Qxd4 Re8+ 21.
Ne2 Qa5+ 22. Kd1 Qb5 23. Nf4 Re4 24. Qf6 Qc6 25. Qxg6+ Qxg6 26. Nxg6 Bd7 27. f3
Rd4+ 28. Kc1 Re8 29. b3 Re2 30. Kb2 Be8 31. Rag1 Kh7 32. Nf8+ Kh6 33. Ng6 Rdd2
34. Nf4 Rxc2+ 35. Ka3 Rxa2+ 36. Kb4 a5+ 37. Kc5 Red2 38. Kd6 Rac2 39. Ke5 Rb2
40. Kf6 Rxb3 41. Rg6+ Kh7 42. Rg7+ Kh6 43. Rg8 Rb6+ 44. Ne6 Kh7 45. Rxe8 Rg2
46. Kxf5 a4 47. h6 Rg8 48. Ng5+ Kh8 49. Rxg8+ Kxg8 50. h7+ 1-0

[Event "4NCL/Div4b/MIN2 vs. HAL"]
[Site "Telford ENG"]
[Date "2005.02.26"]
[Round "5.5"]
[White "Ackley, Peter"]
[Black "Clark, Maureen"]
[Result "1-0"]
[WhiteElo "2050"]
[BlackElo "1720"]
[PlyCount "87"]
[EventDate "2005.02.26"]
[SourceDate "2004.09.21"]

1. Nf3 Nf6 2. c4 c5 3. g3 b6 4. Bg2 Bb7 5. O-O g6 6. b3 Bg7 7. Bb2 O-O 8. d3 d6
9. Nbd2 Nbd7 10. Qc2 Qc7 11. Rac1 Rac8 12. e3 Rfe8 13. Qb1 Qb8 14. d4 e6 15.
Rfd1 d5 16. cxd5 Bxd5 17. Qa1 cxd4 18. Bxd4 Rxc1 19. Rxc1 Rc8 20. Rxc8+ Qxc8
21. Qb2 Bb7 22. Nc4 Qf8 23. Nfe5 Bxg2 24. Kxg2 Nxe5 25. Nxe5 Qd6 26. Qc3 Qd8
27. Nc6 Qa8 28. Bxf6 Bxf6 29. Qxf6 Qxc6+ 30. Qf3 Qxf3+ 31. Kxf3 f5 32. Kf4 Kf7
33. Ke5 Ke7 34. f4 b5 35. b4 a6 36. a3 h6 37. h3 g5 38. fxg5 hxg5 39. h4 f4 40.
exf4 gxf4 41. gxf4 Kf7 42. h5 Ke7 43. h6 Kf7 44. h7 1-0

[Event "4NCL/Div4b/GREN vs. SLOS3"]
[Site "Telford ENG"]
[Date "2005.02.26"]
[Round "5.1"]
[White "Pugh, Derek C"]
[Black "Mulligan, Stephen"]
[Result "0-1"]
[WhiteElo "2180"]
[BlackElo "2157"]
[PlyCount "84"]
[EventDate "2005.02.26"]
[SourceDate "2004.09.21"]

1. e4 e5 2. Nc3 Nc6 3. Bc4 Nf6 4. d3 d6 5. Nge2 Be7 6. O-O a6 7. a4 Be6 8. Nd5
Bxd5 9. exd5 Nb8 10. Ng3 Nbd7 11. Nf5 O-O 12. Qf3 Kh8 13. Re1 Ng8 14. Bd2 g6
15. Nxe7 Qxe7 16. d4 f6 17. Qh3 Qf7 18. Bc3 Rae8 19. a5 Re7 20. Re3 e4 21. Rae1
f5 22. f3 Ndf6 23. fxe4 Nxe4 24. Qf3 Ngf6 25. Bd3 Rfe8 26. Bxe4 Nxe4 27. g4
Qxd5 28. Qf4 Re6 29. h3 c6 30. Kh2 Kg8 31. gxf5 Qxf5 32. Qxf5 gxf5 33. d5 cxd5
34. Bd4 Rf8 35. Rb3 Rf7 36. Rg1+ Rg6 37. h4 Rg4 38. Kh3 h5 39. Rb6 Kh7 40. Rc1
f4 41. c4 dxc4 42. Rxc4 f3 0-1

[Event "4NCL/Div4b/GREN vs. SLOS3"]
[Site "Telford ENG"]
[Date "2005.02.26"]
[Round "5.2"]
[White "Roberson, Peter T"]
[Black "Osborne, David"]
[Result "1-0"]
[WhiteElo "2117"]
[BlackElo "2095"]
[PlyCount "67"]
[EventDate "2005.02.26"]
[SourceDate "2004.09.21"]

1. e4 c5 2. c3 Nf6 3. e5 Nd5 4. Nf3 e6 5. d4 cxd4 6. Bc4 Nc7 7. Bg5 Be7 8. Bxe7
Qxe7 9. O-O b5 10. Bd3 Bb7 11. cxd4 f5 12. a4 b4 13. Nbd2 O-O 14. Nc4 Bxf3 15.
Qxf3 Nc6 16. Nd6 Nxd4 17. Qh3 Nd5 18. f4 g5 19. Qg3 g4 20. Qf2 Nc6 21. Rfd1 Nc7
22. Rac1 a6 23. Qe2 Qg7 24. g3 Nd4 25. Qf2 Nf3+ 26. Kh1 Nd5 27. Bc4 Nc7 28. Be2
Nd5 29. Bc4 Nc7 30. Qb6 Qh6 31. Rc2 Nd5 32. Rxd5 exd5 33. Bxd5+ Kh8 34. Nf7+
1-0

[Event "4NCL/Div4b/GREN vs. SLOS3"]
[Site "Telford ENG"]
[Date "2005.02.26"]
[Round "5.3"]
[White "Bass, John"]
[Black "Nelson, Omowale"]
[Result "1/2-1/2"]
[WhiteElo "2102"]
[BlackElo "2094"]
[PlyCount "73"]
[EventDate "2005.02.26"]
[SourceDate "2004.09.21"]

1. d4 d5 2. Nf3 Nf6 3. c4 dxc4 4. e3 a6 5. Bxc4 e6 6. O-O c5 7. Qe2 Be7 8. Rd1
cxd4 9. exd4 Nc6 10. Nc3 Nb4 11. Bg5 O-O 12. Rac1 b5 13. Bb3 Bb7 14. a3 Nbd5
15. Ne5 Rc8 16. Nxd5 Nxd5 17. Rxc8 Qxc8 18. Bxe7 Nxe7 19. Qd2 Qc7 20. Rc1 Qd6
21. Qf4 Nf5 22. Rd1 Bd5 23. Bc2 f6 24. Nd3 Qxf4 25. Nxf4 Nd6 26. Re1 Re8 27.
Nxd5 exd5 28. Rxe8+ Nxe8 29. Bb3 Nc7 30. Kf1 Kf7 31. Ke2 Ke6 32. Kd2 Kd6 33.
Bc2 h6 34. g3 Ne6 35. Ke3 Nd8 36. Bd3 Nc6 37. h4 1/2-1/2

[Event "4NCL/Div4b/GREN vs. SLOS3"]
[Site "Telford ENG"]
[Date "2005.02.26"]
[Round "5.4"]
[White "Linford, Charles (res)"]
[Black "Hardy, Roger"]
[Result "1-0"]
[WhiteElo "2142"]
[BlackElo "2030"]
[PlyCount "61"]
[EventDate "2005.02.26"]
[SourceDate "2004.09.21"]

1. e4 c6 2. d4 d5 3. e5 Bf5 4. Nc3 e6 5. g4 Bg6 6. Nge2 c5 7. h4 h6 8. Nf4 Ne7
9. Nb5 Nec6 10. Nxg6 fxg6 11. Qd3 cxd4 12. Qxg6+ Kd7 13. Qf7+ Qe7 14. Qf4 g5
15. Qf6 Qxf6 16. exf6 a6 17. hxg5 axb5 18. gxh6 Ne5 19. Bxb5+ Nbc6 20. g5 Bb4+
21. Ke2 Ng6 22. f4 Bd6 23. Bd3 Nxf4+ 24. Bxf4 Bxf4 25. g6 Bxh6 26. g7 Bxg7 27.
fxg7 Rhg8 28. Rag1 Ne7 29. Bh7 Nf5 30. Bxg8 Rxg8 31. Rh8 1-0

[Event "4NCL/Div4b/GREN vs. SLOS3"]
[Site "Telford ENG"]
[Date "2005.02.26"]
[Round "5.5"]
[White "Egginton, David C"]
[Black "Lutton, J Ezra"]
[Result "0-1"]
[WhiteElo "2070"]
[BlackElo "2133"]
[PlyCount "40"]
[EventDate "2005.02.26"]
[SourceDate "2004.09.21"]

1. c4 e5 2. g3 Nc6 3. Bg2 f5 4. Nc3 Nf6 5. e3 Bb4 6. Nge2 O-O 7. O-O d6 8. a3
Bxc3 9. Nxc3 f4 10. d4 Qe8 11. exf4 Nxd4 12. Be3 Nf5 13. h3 Qg6 14. g4 Nh4 15.
Nd5 Rf7 16. Qb1 Bf5 17. Qd1 Nxg4 18. Kh1 Nxg2 19. hxg4 Bxg4 20. Qd2 Bf3 0-1

[Event "4NCL/Div4b/GREN vs. SLOS3"]
[Site "Telford ENG"]
[Date "2005.02.26"]
[Round "5.6"]
[White "Purton, Ben J"]
[Black "Butterworth, Paul"]
[Result "1-0"]
[WhiteElo "2085"]
[BlackElo "1910"]
[PlyCount "77"]
[EventDate "2005.02.26"]
[SourceDate "2004.09.21"]

1. Nc3 c5 2. e4 Nc6 3. Bb5 g6 4. Nge2 Bg7 5. d3 e6 6. O-O Nge7 7. Be3 Nd4 8.
Bc4 a6 9. a4 b6 10. Bg5 O-O 11. Qd2 d6 12. Nxd4 cxd4 13. Ne2 Qc7 14. Bb3 Kh8
15. a5 b5 16. c3 dxc3 17. Nxc3 Bb7 18. Rfc1 Qd7 19. d4 Rac8 20. f3 f6 21. Be3
d5 22. Rc2 f5 23. e5 Rc7 24. Nd1 Rfc8 25. Nf2 Rxc2 26. Bxc2 Qc7 27. Bb3 Nc6 28.
Nd3 Bf8 29. h4 h5 30. Nf4 Qf7 31. Qf2 Be7 32. g4 fxg4 33. fxg4 hxg4 34. Bc2 Rg8
35. Rf1 g5 36. hxg5 Kg7 37. g6 Qe8 38. Nxe6+ Kh8 39. Qh2+ 1-0

[Event "4NCL/Div4b/WWKS2 vs. MET"]
[Site "Telford ENG"]
[Date "2005.02.26"]
[Round "5.1"]
[White "Hunt, Malcolm A"]
[Black "Fegan, Chris"]
[Result "1/2-1/2"]
[WhiteElo "2143"]
[BlackElo "2133"]
[PlyCount "75"]
[EventDate "2005.02.26"]
[SourceDate "2004.09.21"]

1. d4 d5 2. Bf4 e6 3. e3 Bd6 4. Bg3 Nf6 5. Nf3 O-O 6. Bd3 c5 7. c3 b6 8. Qe2
Nc6 9. Nbd2 Re8 10. O-O Bxg3 11. hxg3 Qd6 12. Bb5 Bd7 13. Bxc6 Bxc6 14. Ne5 Bb7
15. Rfd1 Rac8 16. Rac1 Nd7 17. Nxd7 Qxd7 18. f4 f6 19. Nf3 Qe7 20. Kh2 Qf7 21.
Rh1 h6 22. Kg1 Qg6 23. Rh3 Rc7 24. Qc2 Qe4 25. Kf2 e5 26. dxe5 fxe5 27. Qxe4
dxe4 28. Nxe5 Rd8 29. g4 Rd2+ 30. Kg3 Rxb2 31. g5 Re2 32. Rd1 Kf8 33. Kh2 hxg5
34. fxg5 Rxa2 35. Rf1+ Ke7 36. Rf7+ Kd6 37. Nc4+ Kc6 38. Ne5+ 1/2-1/2

[Event "4NCL/Div4b/WWKS2 vs. MET"]
[Site "Telford ENG"]
[Date "2005.02.26"]
[Round "5.2"]
[White "Fogarasi, Norbert"]
[Black "Cooper, David M"]
[Result "1-0"]
[WhiteElo "2118"]
[BlackElo "2095"]
[PlyCount "125"]
[EventDate "2005.02.26"]
[SourceDate "2004.09.21"]

1. e4 e6 2. d4 d5 3. e5 c5 4. c3 Nc6 5. Nf3 Bd7 6. Be2 Nge7 7. Na3 cxd4 8. cxd4
Nf5 9. Nc2 Qa5+ 10. Kf1 Be7 11. h4 h5 12. Ne3 Nxe3+ 13. Bxe3 Qb6 14. Rb1 a5 15.
Rh3 g6 16. Rg3 Bd8 17. Bd3 Nb4 18. Kg1 Nxd3 19. Qxd3 Qb5 20. Qd1 Rc8 21. Ng5
Qb4 22. a3 Qa4 23. Qf3 O-O 24. Qf4 Qc2 25. Rc1 Qf5 26. Qxf5 Rxc1+ 27. Bxc1 exf5
28. Rc3 Bb6 29. Be3 a4 30. Nh3 Rc8 31. Rxc8+ Bxc8 32. Nf4 Be6 33. Kf1 Kf8 34.
Ke2 Ke8 35. Kd3 Kd7 36. Bd2 Kc6 37. Bb4 Kb5 38. Kc3 Bd8 39. g3 Bb6 40. Nd3 Bc8
41. Nf4 Be6 42. Ne2 Bd7 43. Kd3 Ka6 44. Nc3 Bc6 45. Ke3 Bd8 46. Kf4 Kb6 47. e6
fxe6 48. Ke5 g5 49. hxg5 Bxg5 50. f4 Bd8 51. Kxe6 h4 52. gxh4 Bxh4 53. Nxd5+
Kb5 54. Nc3+ Kc4 55. d5 Be8 56. d6 Bg6 57. d7 Bd8 58. Be7 Ba5 59. d8=Q Bxd8 60.
Bxd8 Kb3 61. Be7 Kxb2 62. Nxa4+ Kb3 63. Nb6 1-0

[Event "4NCL/Div4b/WWKS2 vs. MET"]
[Site "Telford ENG"]
[Date "2005.02.26"]
[Round "5.3"]
[White "Gordon, Callum"]
[Black "Calvert, D Ian"]
[Result "1/2-1/2"]
[WhiteElo "2045"]
[BlackElo "2034"]
[PlyCount "136"]
[EventDate "2005.02.26"]
[SourceDate "2004.09.21"]

1. e4 d5 2. exd5 Qxd5 3. Nc3 Qa5 4. d4 c6 5. Nf3 Nf6 6. Bc4 Bf5 7. O-O e6 8.
Bf4 Nbd7 9. a3 Be7 10. b4 Qd8 11. Ne2 Ne4 12. Nd2 Ndf6 13. f3 Nxd2 14. Qxd2 Nd5
15. Bg3 O-O 16. Bd3 Bg5 17. f4 Bxd3 18. Qxd3 Bh4 19. f5 exf5 20. Rxf5 Bxg3 21.
Nxg3 g6 22. Rf3 f5 23. c4 Nf6 24. Re1 Qd7 25. Rfe3 Rfe8 26. Rxe8+ Rxe8 27.
Rxe8+ Qxe8 28. Qd2 Ng4 29. Nf1 Qe4 30. h3 Nf6 31. Ng3 Qb1+ 32. Kh2 Qb3 33. Qf4
Qxc4 34. Qb8+ Kf7 35. Qxb7+ Ke6 36. Qxa7 f4 37. Nh1 Nd7 38. Qc7 g5 39. Nf2 Qd5
40. Nd3 f3 41. Qg3 fxg2 42. Qxg2 Qd6+ 43. Kh1 Qxd4 44. Qxc6+ Kf5 45. Qf3+ Kg6
46. Nf2 Ne5 47. Qe4+ Qxe4+ 48. Nxe4 Kf5 49. Nc3 Nd3 50. Kg2 h5 51. Kf3 g4+ 52.
hxg4+ hxg4+ 53. Ke3 Nb2 54. a4 Ke5 55. a5 Kd6 56. a6 Nc4+ 57. Kd4 Nb6 58. b5
Kc7 59. Ne4 Nd7 60. Kd5 g3 61. Nxg3 Kb6 62. Kd6 Nb8 63. a7 Kxa7 64. Kc7 Na6+
65. Kc6 Nb4+ 66. Kc5 Na6+ 67. Kc4 Kb6 68. bxa6 Kxa6 1/2-1/2

[Event "4NCL/Div4b/WWKS2 vs. MET"]
[Site "Telford ENG"]
[Date "2005.02.26"]
[Round "5.4"]
[White "Djabri, Zafer M"]
[Black "Emanuel, John"]
[Result "1-0"]
[WhiteElo "2072"]
[BlackElo "2040"]
[PlyCount "101"]
[EventDate "2005.02.26"]
[SourceDate "2004.09.21"]

1. c4 e5 2. Nc3 Nc6 3. Nf3 Nf6 4. e3 g6 5. d4 exd4 6. exd4 d6 7. Be2 Bg7 8. O-O
O-O 9. h3 Re8 10. Bg5 h6 11. Be3 d5 12. cxd5 Nxd5 13. Qd2 Kh7 14. Rac1 Be6 15.
b3 Qe7 16. Bb5 Nxc3 17. Rxc3 Bd7 18. Rc5 Rac8 19. Rfc1 Red8 20. Qc2 a6 21. Bf1
Be6 22. Qe4 Qd7 23. Bxa6 Bf5 24. Qf4 Nb4 25. Bxb7 Nd3 26. Bxc8 Rxc8 27. Qh4
Nxc1 28. Rxc1 Ra8 29. Qg3 Rxa2 30. Qxc7 Qd5 31. Qc4 Qb7 32. d5 Ra3 33. Nd2 Ra6
34. b4 Rd6 35. b5 Rxd5 36. b6 Be5 37. Nf3 Bb8 38. Qh4 h5 39. Qf6 Be4 40. Bd4
Rxd4 41. Qxd4 Bxf3 42. gxf3 Qe7 43. Rc8 Qg5+ 44. Kf1 Be5 45. Qd8 Qf5 46. Rc7
Qxh3+ 47. Ke2 Qe6 48. Qe7 Qa2+ 49. Kf1 Bxc7 50. bxc7 Qc4+ 51. Kg2 1-0

[Event "4NCL/Div4b/WWKS2 vs. MET"]
[Site "Telford ENG"]
[Date "2005.02.26"]
[Round "5.5"]
[White "Malik, Dani"]
[Black "Syed, Nayeem"]
[Result "1-0"]
[WhiteElo "1905"]
[BlackElo "1950"]
[PlyCount "73"]
[EventDate "2005.02.26"]
[SourceDate "2004.09.21"]

1. e4 d5 2. exd5 Nf6 3. Nf3 Bg4 4. Be2 Nxd5 5. d3 g6 6. Nc3 Nc6 7. h3 Bf5 8.
O-O Bg7 9. Bd2 Nf6 10. Qc1 h6 11. Bf4 g5 12. Bg3 Nd5 13. Nxd5 Qxd5 14. Bxc7 Rc8
15. Bg3 Nb4 16. c3 Qb5 17. a4 Qa6 18. Qd2 Bxd3 19. Bxd3 Nxd3 20. Rad1 Nc5 21.
b4 O-O 22. bxc5 Rxc5 23. Nd4 Rfc8 24. Rc1 Qxa4 25. Rfe1 Qd7 26. Qe2 e5 27. Nf3
Re8 28. Nd2 Rcc8 29. f3 f5 30. Bf2 a5 31. g4 e4 32. fxe4 Bxc3 33. Red1 Bxd2 34.
Rxc8 Qxc8 35. Qxd2 fxe4 36. Qd5+ Kh7 37. Qf7+ 1-0

[Event "4NCL/Div4b/WWKS2 vs. MET"]
[Site "Telford ENG"]
[Date "2005.02.26"]
[Round "5.6"]
[White "Cooke, Charlie"]
[Black "Malik, Kaiser"]
[Result "0-1"]
[WhiteElo "1840"]
[BlackElo "1830"]
[PlyCount "60"]
[EventDate "2005.02.26"]
[SourceDate "2004.09.21"]

1. d4 d5 2. c4 e6 3. Nc3 Nf6 4. Bg5 Bb4 5. e3 Nc6 6. a3 Bxc3+ 7. bxc3 h6 8. Bh4
g5 9. Bg3 Ne4 10. Qc2 h5 11. h3 Nxg3 12. fxg3 Qf6 13. Be2 Bd7 14. Nf3 O-O-O 15.
O-O Qg7 16. Nd2 Ne7 17. Rfb1 Nf5 18. Qb3 Bc6 19. Nf1 g4 20. h4 Qh6 21. Kf2 Qf6
22. Ke1 Nxg3 23. Nxg3 Qxh4 24. Kf2 Rh6 25. Rh1 Rf6+ 26. Bf3 Qg5 27. Nxh5 gxf3
28. Nf4 Rxf4 29. exf4 Qxg2+ 30. Ke3 Qe2# 0-1

[Event "4NCL/Div4b/BCA vs. HKF2"]
[Site "Telford ENG"]
[Date "2005.02.26"]
[Round "5.1"]
[White "Mordue, A Tyson"]
[Black "Britton, Richard L"]
[Result "1/2-1/2"]
[WhiteElo "2288"]
[BlackElo "2309"]
[PlyCount "69"]
[EventDate "2005.02.26"]
[SourceDate "2004.09.21"]

1. e4 c5 2. Nf3 d6 3. d4 cxd4 4. Nxd4 Nf6 5. Nc3 a6 6. Bg5 e6 7. f4 Nbd7 8. Qf3
Qc7 9. O-O-O b5 10. Bd3 Bb7 11. Rhe1 O-O-O 12. a3 Kb8 13. Bh4 Nc5 14. Kb1 Be7
15. Qh3 h6 16. Bf2 d5 17. e5 Nfe4 18. Nxe4 dxe4 19. Bf1 Rd7 20. Qc3 Rhd8 21.
Be2 Bd5 22. Be3 Rc8 23. Rf1 Qb7 24. Qa5 Na4 25. Nxb5 axb5 26. Bxb5 Nxb2 27.
Kxb2 Rdc7 28. Rf2 Rc3 29. Bd4 Rxa3 30. Qb6 Qxb6 31. Bxb6 Kb7 32. Bd4 Ra5 33.
Bf1 Ka8 34. Kc1 Ra2 35. c4 1/2-1/2

[Event "4NCL/Div4b/BCA vs. HKF2"]
[Site "Telford ENG"]
[Date "2005.02.26"]
[Round "5.2"]
[White "Hammond, Andrew J C"]
[Black "Ross, Chris"]
[Result "1-0"]
[WhiteElo "2213"]
[BlackElo "2122"]
[PlyCount "71"]
[EventDate "2005.02.26"]
[SourceDate "2004.09.21"]

1. d4 Nf6 2. Nf3 e6 3. e3 c5 4. Bd3 Nc6 5. c3 Be7 6. O-O O-O 7. Qe2 d5 8. Nbd2
b6 9. dxc5 bxc5 10. e4 Qc7 11. Re1 a5 12. e5 Nd7 13. Nf1 f5 14. Ng3 a4 15. Nh5
Re8 16. h3 Nf8 17. g4 fxg4 18. hxg4 Qa7 19. Qd2 c4 20. Bc2 d4 21. cxd4 Rd8 22.
Rd1 Bb7 23. Qf4 Ng6 24. Bxg6 hxg6 25. Nxg7 Kxg7 26. Qh6+ Kf7 27. d5 Rxd5 28.
Qh7+ Ke8 29. Rxd5 exd5 30. e6 Bc8 31. Qxg6+ Kd8 32. Bf4 Bf8 33. Rd1 d4 34. Qg5+
Qe7 35. Qd5+ Bd7 36. Bg5 1-0

[Event "4NCL/Div4b/BCA vs. HKF2"]
[Site "Telford ENG"]
[Date "2005.02.26"]
[Round "5.3"]
[White "Armstrong, William G"]
[Black "Burrows, Martin P"]
[Result "0-1"]
[WhiteElo "1960"]
[BlackElo "2200"]
[PlyCount "66"]
[EventDate "2005.02.26"]
[SourceDate "2004.09.21"]

1. d4 Nf6 2. Nf3 g6 3. Nc3 d5 4. Bf4 Bg7 5. e3 O-O 6. Be2 c5 7. O-O cxd4 8.
exd4 Nc6 9. Ne5 Nd7 10. Nxc6 bxc6 11. Na4 e5 12. Be3 e4 13. c3 f5 14. Qd2 Bf6
15. f4 a5 16. c4 Nb6 17. Nxb6 Qxb6 18. c5 Qc7 19. b4 axb4 20. Rfb1 Ba6 21. Bxa6
Rxa6 22. Qxb4 Rfa8 23. Qd2 Qa7 24. Rb2 Ra3 25. Kf2 Rd3 26. Qb4 Qa3 27. Qxa3
Raxa3 28. Rb8+ Kg7 29. Rb7+ Kh6 30. Re1 Rxe3 31. Rxe3 Bxd4 32. Rbb3 Rxb3 33.
axb3 Bxc5 0-1